Chronic constipation among the elderly in Kelantan, Malaysia : experience, prevalence and the impacts on quality of life /
Saved in:
| Main Author: | |
|---|---|
| Format: | Thesis |
| Language: | English |
| Published: |
Penang, Malaysia :
Universiti Sains Malaysia,
2018
|
| Subjects: | |
| Tags: |
Add Tag
No Tags, Be the first to tag this record!
|
| LEADER | 013210000a22002770004500 | ||
|---|---|---|---|
| 008 | 211221s2018 my a g m 000 0 eng d | ||
| 040 | |a UIAM |b eng |e rda | ||
| 043 | |a a-my--- | ||
| 100 | 0 | |a Patimah binti Abdul Wahab, |e author | |
| 245 | 1 | 0 | |a Chronic constipation among the elderly in Kelantan, Malaysia : |b experience, prevalence and the impacts on quality of life / |c by Patimah binti Abdul Wahab |
| 264 | 1 | |a Penang, Malaysia : |b Universiti Sains Malaysia, |c 2018 | |
| 300 | |a xxix, 418 leaves : |b illustrations, tables ; |c 30 cm. | ||
| 336 | |2 rdacontent |a text | ||
| 337 | |2 rdamedia |a unmediated | ||
| 338 | |2 rdacarrier |a volume | ||
| 500 | |a "Thesis submitted in fulfilment of the requirements for the degree of Doctor of Philosophy."--On title page. | ||
| 500 | |a Abstract in Malay and English. | ||
| 500 | |a "A thesis submitted in fulfilment for the degree of Doctor of Philosophy.".--On title page. | ||
| 502 | |a Thesis (Ph.D)--Universiti Sains Malaysia, 2018. | ||
| 504 | |a Includes bibliographical references (leaves 290-328). | ||
| 596 | |a 1 | ||
| 655 | 7 | |a Theses, non-IIUM | |
| 710 | 2 | |a Universiti Sains Malaysia, |e degree granting institution | |
| 900 | |a prelim-sm to rose | ||
| 999 | |c 441642 |d 472141 | ||
| 952 | |0 0 |6 XX(568367.000001) |7 4 |9 762805 |a IIUM |b IIUM |g 0.00 |o XX(568367.1) |p 11100431084 |r 1900-01-02 |t 1 |v 0.00 |y THESIS | ||
